Os 20 municípios com mais crime em Portugal - Statistics

Estatísticas Gerais
  • Esse quiz foi jogado 18 vezes
  • A pontuação média é 12 de 20
Estatísticas das Respostas
Distrito Município % Correto
Faro Albufeira
89%
Lisboa Lisboa
89%
Faro Portimão
89%
Faro Faro
83%
Porto Porto
83%
Setúbal Barreiro
67%
Faro Tavira
67%
Faro Vila Real de Santo António
67%
Faro Loulé
56%
Faro Lagoa
50%
Setúbal Montijo
50%
Faro Olhão
50%
Setúbal Sines
50%
Portalegre Elvas
44%
Setúbal Grândola
44%
Faro Lagos
44%
Faro Silves
44%
Setúbal Alcácer do Sal
33%
Castelo Branco Fundão
33%
Lisboa Azambuja
17%
Nenhum quiz correspondente encontrado
Distribuição das Pontuações
Porcentagem de Pessoas com Cada Pontuação
Percentil de Números Respondidos
Sua Pontuação Histórica
Você não jogou esse quiz